| 000 | 00940nam0a22002291 4500 | ||
|---|---|---|---|
| 001 | rc\3123561 | ||
| 005 | 20250530065654.0 | ||
| 035 | _a(NLR Aleph) 007281306 | ||
| 090 |
_a5512347 _c5512347 |
||
| 100 | _a20120615d1975 |||y0rusy50 ca | ||
| 101 | 0 | _arus | |
| 102 | _aRU | ||
| 105 | _aa z ||||| | ||
| 200 | 1 |
_aОрганизация социалистического соревнования, развитие движения за коммунистическое отношение к труду, передовики производства, распространение передового опыта _fСовет директоров. г. Саратов, 24 - 25 апр. 1975 г. |
|
| 210 |
_a[Саратов] _cБ. и. _d1975 |
||
| 215 |
_a[1], 10, 7 с. _cтабл. _d20 |
||
| 333 | _aДСП. Экз. № 03 | ||
| 801 | 0 |
_aRU _bNLR _gpsbo |
|
| 801 | 1 |
_aRU _bELAR _2rusmarc |
|
| 852 |
_aNLR _j75-50К/2450 |
||
| 942 | _cBOOK | ||
| 980 | _aNB | ||